Advances in numerical analysis
Αποθηκεύτηκε σε:
| Συλλογικό Έργο: | , |
|---|---|
| Άλλοι συγγραφείς: | |
| Μορφή: | Πρακτικό Συνεδρίου Βιβλίο |
| Γλώσσα: | English |
| Δημοσίευση: |
Oxford :
Clarendon press,
1991.
|
| Σειρά: | Oxford science publications
|
| Θέματα: | |
| Ετικέτες: |
Προσθήκη ετικέτας
Δεν υπάρχουν, Καταχωρήστε ετικέτα πρώτοι!
|
MARC
| LEADER | 00000cam a2200000 i 4500 | ||
|---|---|---|---|
| 001 | 1/74765 | ||
| 008 | 990603s1991 enk| ||| |||| ||eng|| | ||
| 020 | |a 0198534388 |q (τ. 1) | ||
| 035 | |l 10049162 | ||
| 040 | |a GR-MyUa |b gre |e AACR2 | ||
| 041 | 0 | |a eng | |
| 082 | 7 | |a 519.4 |2 (22) | |
| 245 | 0 | 0 | |a Advances in numerical analysis / |c edited by Will Light. |
| 260 | |a Oxford : |b Clarendon press, |c 1991. | ||
| 300 | |a 2 τ. : |b εικ. ; |c 24 εκ. | ||
| 490 | 1 | |a (Oxford science publications) | |
| 500 | |a Proceedings of the fourth Summer School in numerical analysis, wich was held at Lancaster University from 15th July to 3rd August 1990...sponsored by the Science and Engineering Research Council of Great Britain. | ||
| 504 | |a Περιλαμβάνει βιβλιογραφικές παραπομπές. | ||
| 505 | 8 | |a Τ. 1. Nonlinear partial equations and dynamical systems. | |
| 650 | 0 | |a Numerical analysis |x Congresses. | |
| 700 | 1 | |a Light, W. A. |q (William Allan), |d 1950- |e edt | |
| 710 | 2 | |a Science and Engineering Research Council (Great Britain) | |
| 711 | 2 | |a Summer School in Numerical Analysis |d (1990 : |c Lancaster University) | |
| 740 | 0 | |a Nonlinear partial differential equations and dynamical systems. | |
| 830 | 0 | |a Oxford science publications | |
| 852 | |a INST |b SAMOS |e 19990603 |h 519.4 ADV |p 005300012761 |q 005300012761 |t BK |y 0 |z v.1 | ||
| 852 | |a INST |b SAMOS |e 19990603 |h 519.4 ADV |p 005300012761 |q 005300012761 |t BK |v v.1: |y 0 |z v.1 | ||
| 853 | |a INST |b SAMOS |h 519.4 ADV | ||
| 901 | |a BIBL3-1999-2 | ||
| 922 | |a 3ΕΛΗ |b 199901 |c ΚΠΣ |d GLORY | ||